| 000 | 00659nam a2200205 a 4500 | ||
|---|---|---|---|
| 001 | 000021193 | ||
| 005 | 20200930011247.0 | ||
| 008 | 100901s1994 mx 000 d spa d | ||
| 020 | _a9688563706 | ||
| 040 |
_aDO-SdBNP _bspa _cBNPHU |
||
| 082 |
_a842.8 _bH895b |
||
| 100 | 1 |
_aHugo, Víctor, _d1802-1885 _913708 |
|
| 245 | 1 | 3 |
_aLa banca / _cVíctor Hugo y Rascón Banda. |
| 260 |
_aMéxico, D. F. : _bPlaza y Valdés Ediciones; _bConsejo Nacional para la Cultura y las Artes, _c1994. |
||
| 300 |
_a52 p. ; _c17 cm. |
||
| 490 | 1 | _aTeatro breve | |
| 650 | 4 |
_aTeatro francés _95359 |
|
| 650 | 4 |
_aLiteratura francesa _91074 |
|
| 700 | 1 |
_aBanda, Rascón, _etr. _944306 |
|
| 999 |
_c20694 _d20694 |
||